| 000 | 00352nam a22001457a 4500 | ||
|---|---|---|---|
| 020 | _a978-81-8204-77-9 | ||
| 082 |
_a691.3 _bYAD |
||
| 100 | _aYADAV, MANOJ KUMAR | ||
| 245 | _aTB OF HOTEL FRONT OFFICE MANAGEMENT | ||
| 260 |
_aDELHI _bAMAN PUBLISHER _c2015 |
||
| 300 | _a878 | ||
| 650 | _aOFFICE MANAGEMENT | ||
| 653 | _aOFFICE, FRONT | ||
| 942 |
_2ddc _cBK |
||
| 999 |
_c8106 _d8106 |
||